000 00497nam a2200181Ia 4500
005 20250423095733.0
008 250422s9999 xx 000 0 und d
020 _a0072338644
050 _aHG 4015.5 .B78/
100 _aBruner, Robert F.
245 0 _aInstructor’s resource manual to accompany case studies in finance : managing for corporate value creation
250 _a4th ed.
260 _aBoston
260 _bIrwin McGraw-Hill
260 _c2003
300 _a766 p
942 _cBK
999 _c31181
_d31181